000 00543nam a2200205Ia 4500
003 OSt
005 20220926045538.0
006 a|||||r|||| 00| 0
007 ta
008 220923b |||||||| |||| 00| 0 eng d
037 _cGeneral Book
040 _aRTL
_cRTL
_beng
041 _2eng
_aeng
082 _aV1N45,933:8.N77r, L7,38/UN
245 0 _aReport
_b 9 and 23 May-17 June 1977.
260 _c1977
300 _av,71p
_ccm.
942 _hV1N45,933:8.N77r, L7,38/UN
_cGB
_2CC
999 _c677940
_d677940